Ударная стойкость оптического стекла с многослойными покрытиями против высокоскоростных микрочастиц; Иерархические материалы: разработка и приложения для новых технологий и надежных конструкций

Podrobná bibliografie
Parent link:Иерархические материалы: разработка и приложения для новых технологий и надежных конструкций.— 2018.— [С. 428]
Korporativní autor: Национальный исследовательский Томский политехнический университет Инженерная школа новых производственных технологий Отделение материаловедения
Další autoři: Сергеев В. П. Виктор Петрович, Калашников М. П. Марк Петрович, Божко И. А. Ирина Александровна, Сергеев О. В., Воронов А. В., Христенко Ю. Ф.
Shrnutí:Заглавие с экрана
Режим доступа: по договору с организацией-держателем ресурса
Jazyk:ruština
Vydáno: 2018
Edice:Научные основы разработки материалов с многоуровневой иерархической структурой, в том числе для экстремальных условий эксплуатации: - материалы для авиакосмической и транспортной промышленности; - материалы для ядерной энергетики; - материалы для работы в условиях арктического климата; - материалы для медицины
Témata:
On-line přístup:https://elibrary.ru/item.asp?id=36749113
http://dx.doi.org/10.17223/9785946217408/276
Médium: Elektronický zdroj Kapitola
KOHA link:https://koha.lib.tpu.ru/cgi-bin/koha/opac-detail.pl?biblionumber=659897

MARC

LEADER 00000nla2a2200000 4500
001 659897
005 20240205144648.0
035 |a (RuTPU)RU\TPU\network\28718 
035 |a RU\TPU\network\28706 
090 |a 659897 
100 |a 20190404a2018 k y0rusy50 ca 
101 0 |a rus 
102 |a RU 
105 |a y z 100zy 
135 |a drgn ---uucaa 
181 0 |a i  
182 0 |a b 
200 1 |a Ударная стойкость оптического стекла с многослойными покрытиями против высокоскоростных микрочастиц  |f В. П. Сергеев [и др.] 
203 |a Текст  |c электронный 
225 1 |a Научные основы разработки материалов с многоуровневой иерархической структурой, в том числе для экстремальных условий эксплуатации: - материалы для авиакосмической и транспортной промышленности; - материалы для ядерной энергетики; - материалы для работы в условиях арктического климата; - материалы для медицины 
300 |a Заглавие с экрана 
333 |a Режим доступа: по договору с организацией-держателем ресурса 
463 0 |0 (RuTPU)RU\TPU\network\28560  |t Иерархические материалы: разработка и приложения для новых технологий и надежных конструкций  |o международный симпозиум, 1-5 октября 2018 года, Томск, Россия  |o тезисы докладов международной конференции "Перспективные материалы с иерархической структурой для новых технологий и надежных конструкций"  |o тезисы докладов международной конференции "Химия нефти и газа"  |f Российская академия наук (РАН), Сибирское отделение (СО), Институт физики прочности и материаловедения (ИФПМ) ; Российская академия наук (РАН), Сибирское отделение (СО), Институт химии нефти (ИХН) ; Национальный исследовательский Томский политехнический университет (ТПУ)  |v [С. 428]  |d 2018 
610 1 |a электронный ресурс 
610 1 |a труды учёных ТПУ 
610 1 |a ударная стойкость 
610 1 |a оптические стекла 
610 1 |a многослойные покрытия 
610 1 |a микрочастицы 
610 1 |a иллюминаты 
610 1 |a космические аппараты 
610 1 |a солнечные батареи 
701 1 |a Сергеев  |b В. П.  |c специалист в области материаловедения  |c профессор Томского политехнического университета, доктор технических наук  |f 1949-  |g Виктор Петрович  |3 (RuTPU)RU\TPU\pers\25827  |9 11700 
701 1 |a Калашников  |b М. П.  |c физик  |c инженер Томского политехнического университета  |g Марк Петрович  |3 (RuTPU)RU\TPU\pers\31797 
701 1 |a Божко  |b И. А.  |c физик  |c доцент Томского политехнического университета, кандидат физико-математических наук  |f 1980-  |g Ирина Александровна  |3 (RuTPU)RU\TPU\pers\30662  |9 14943 
701 1 |a Сергеев  |b О. В. 
701 1 |a Воронов  |b А. В. 
701 1 |a Христенко  |b Ю. Ф. 
712 0 2 |a Национальный исследовательский Томский политехнический университет  |b Инженерная школа новых производственных технологий  |b Отделение материаловедения  |3 (RuTPU)RU\TPU\col\23508 
801 2 |a RU  |b 63413507  |c 20191118  |g RCR 
856 4 |u https://elibrary.ru/item.asp?id=36749113 
856 4 |u http://dx.doi.org/10.17223/9785946217408/276 
942 |c CF